[Event "36th Olympiad"]
[Site "Calvia ESP"]
[Date "2004.10.25"]
[Round "10"]
[White "Hansen,SuB"]
[Black "Wong Meng Kong"]
[Result "1-0"]
[WhiteElo "2551"]
[BlackElo "2470"]

1.e4 d5 2.exd5 Qxd5 3.Nc3 Qd6 4.d4 Nf6 5.Nf3 a6 6.Bd3 Nc6 7.O-O Bg4 8.Ne4 Nxe4
9.Bxe4 O-O-O 10.c3 f5 11.Bc2 Qd5 12.Bb3 Bxf3 13.Bxd5 Bxd1 14.Be6+ Kb8 15.Rxd1 g6
16.Re1 Bg7 17.b4 Bf6 18.a4 Na7 19.Ra3 Nc8 20.Kf1 Nd6 21.f3 Ne8 22.Ra2 Ng7
23.Bc4 g5 24.Rae2 f4 25.Kf2 Nf5 26.Bd3 Nd6 27.Bc2 b5 28.Bb3 c6 29.Re6 Kc7
30.g3 fxg3+ 31.hxg3 h5 32.Kg2 Rh7 33.Bc2 Rg7 34.Rh1 Rh8 35.g4 Kd7 36.Re2 h4
37.Rhe1 Ra8 38.a5 Rh8 39.Kh3 Kd8 40.Re6 Kd7 41.f4 Ne8 42.Bf5 Kc7 43.Be4 Nd6
44.fxg5 Rxg5 45.Bxg5 Bxg5 46.Bg2 Kd7 47.R6e5 Nf7 48.Rc5 Bd2 49.Rf1 Ng5+ 50.Kh2 Rh6
51.Rcf5 Rg6 52.d5 e6 53.dxe6+ Nxe6 54.Rf7+ Ke8 55.R7f5 Nd8 56.Rf6 Rxf6 57.Rxf6 Bxc3
58.Bxc6+ Ke7 59.Rg6 Bxb4 60.Bd5 Bxa5 61.Rxa6 Bd2 62.Kh3 Bg5 63.Rg6 Bf6 64.g5 Bc3
65.Kxh4 Nf7 66.Bxf7 Kxf7 67.Rb6 b4 68.Kh5 Bd2 69.Rb7+ Kf8 70.Kg6 Bc3 71.Kh7  1-0

[Event "36th Olympiad w"]
[Site "Calvia ESP"]
[Date "2004.10.25"]
[Round "10"]
[White "Yildiz,B"]
[Black "Munoz,Do"]
[Result "1-0"]
[WhiteElo "2131"]
[BlackElo "1979"]

1.e4 d5 2.exd5 Qxd5 3.Nc3 Qd6 4.Nf3 Nf6 5.d4 a6 6.g3 Bg4 7.Bg2 Nc6 8.O-O O-O-O
9.Be3 h5 10.h3 Bxf3 11.Qxf3 Qb4 12.a3 Qd6 13.Rfd1 e6 14.b4 Rd7 15.Bf4 Qe7
16.b5 axb5 17.Nxb5 Nd5 18.c4 Nxf4 19.Qxf4 g5 20.Qd2 Kd8 21.Bxc6 bxc6 22.Qa5 Ke8
23.Qa8+ Qd8 24.Qxc6 h4 25.g4 Bd6 26.d5 Ke7 27.Nd4 Be5 28.Qc5+ Kf6 29.Nc6 Qf8
30.Nxe5 Rd8 31.Qd4  1-0

[Event "36th Olympiad"]
[Site "Calvia ESP"]
[Date "2004.10.26"]
[Round "11"]
[White "Karim,I"]
[Black "Yeo Min Yang,E"]
[Result "1/2-1/2"]
[WhiteElo "2228"]
[BlackElo "2245"]

1.e4 d5 2.exd5 Qxd5 3.Nc3 Qd6 4.d4 Nf6 5.Nf3 a6 6.Be2 Nbd7 7.a4 e6 8.O-O c5
9.dxc5 Nxc5 10.Be3 Qxd1 11.Rfxd1 Be7 12.a5 O-O 13.b4 Nce4 14.Na4 Nd5 15.Bc5 Nxc5
16.bxc5 Rb8 17.c4 Nf4 18.Bf1 Bf6 19.Rab1 e5 20.c6 e4 21.c7 Ra8 22.Nb6 Ra7
23.Ne5 Ne6 24.Ned7 Re8 25.Nxf6+ gxf6 26.Rd8 Nxd8 27.Nxc8 Ra8 28.Nd6 Ne6 29.Nxe8 Rxe8
30.Rxb7 Kg7 31.c5 Rc8 32.Bxa6 Nxc5 33.Ra7 Nxa6 34.Rxa6 Rxc7 35.g4 Rc2 36.Ra8 Ra2
37.a6 h6 38.h4 Kh7 39.h5 Kg7 40.Kf1 Kh7 41.Ke1 Kg7 42.a7 Kh7 43.Kd1 Kg7 44.Kc1 Kh7
45.Kb1 Ra6 46.Kb2 Kg7 47.Kb3 Ra1 48.Kc2 Kh7 49.Kc3 Kg7 50.Kd4 Ra4+ 51.Ke3 Kh7
52.Kf4 e3+ 53.Kxe3 Kg7 54.f3 Kh7 55.Kd3 Kg7 56.Kc3 Kh7 57.Kb3 Ra1 58.Kb4 Kg7
59.Kc5 Ra2 60.f4 Ra1 61.Kc6 Rc1+ 62.Kb5 Ra1 63.f5 Rb1+ 64.Kc6 Rc1+ 65.Kd7 Rd1+
66.Kc6 Rc1+ 67.Kb5 Rb1+ 68.Kc4 Ra1 69.Kb3 Ra6 70.Kb2  1/2-1/2

[Event "36th Olympiad w"]
[Site "Calvia ESP"]
[Date "2004.10.26"]
[Round "11"]
[White "Agrest,S"]
[Black "Botvinnik,Ir"]
[Result "1-0"]
[WhiteElo "2238"]
[BlackElo "2239"]

1.e4 d5 2.exd5 Qxd5 3.Nc3 Qd6 4.d4 Nf6 5.Nf3 a6 6.g3 Bg4 7.h3 Bh5 8.Bg2 Nc6
9.Be3 O-O-O 10.Qe2 e6 11.O-O h6 12.g4 Bg6 13.a3 Nd7 14.b4 Ne7 15.Na4 Nd5
16.Nc5 f6 17.Bc1 Bf7 18.c4 Nf4 19.Qe4 Nxc5 20.bxc5 Nxh3+ 21.Bxh3 Qd7 22.Bf4 g5
23.Bg3 h5 24.Rab1 c6 25.Ne5 Qe8 26.Nxf7 Qxf7 27.gxh5 Re8 28.Rfe1 Qxh5 29.Bxe6+ Kd8
30.Rxb7 Rxe6 31.Rb8+  1-0

[Event "36th Olympiad"]
[Site "Calvia ESP"]
[Date "2004.10.27"]
[Round "12"]
[White "Shirov,A"]
[Black "Dizdarevic,E"]
[Result "0-1"]
[WhiteElo "2726"]
[BlackElo "2538"]

1.e4 d5 2.exd5 Qxd5 3.Nc3 Qd8 4.d4 Nf6 5.Nf3 c6 6.Bc4 b5 7.Bb3 e6 8.Bg5 Be7
9.a4 b4 10.Bxf6 gxf6 11.Ne2 Na6 12.Qd2 h5 13.O-O-O Nc7 14.Ne1 Nd5 15.Nd3 Qa5
16.f4 f5 17.Ne5 Bb7 18.Kb1 Rd8 19.Qd3 Bf6 20.Rhe1 c5 21.Ng3 Kf8 22.dxc5 Nc3+
23.bxc3 Rxd3 24.Rxd3 Bc8 25.c6 bxc3 26.Nxf5 exf5 27.Nd7+ Kg7 28.Rg3+ Kh6
29.Nxf6 Be6 30.Re5 Qb4 31.Nd5 Bxd5 32.Rxd5 Re8 33.Rd1 Rc8 34.Ka2 Rxc6 35.Rd8 Kh7
36.Rgg8 Qxf4 37.Rh8+ Kg7 38.Rhg8+ Kf6 39.Rd7 Qc1 40.Rxf7+ Ke5 41.Re8+ Kf4
42.g3+ Kg4  0-1

[Event "36th Olympiad"]
[Site "Calvia ESP"]
[Date "2004.10.27"]
[Round "12"]
[White "Espinosa,Ra MEX"]
[Black "Monell Camarasa,D"]
[Result "1-0"]
[WhiteElo "2412"]
[BlackElo "2263"]

1.e4 d5 2.exd5 Qxd5 3.Nc3 Qd8 4.Bc4 Nf6 5.Nf3 Bf5 6.Ne5 e6 7.Qf3 c6 8.Nxf7 Qd4
9.Nxh8 Qxc4 10.d3 Qd4 11.h3 Bb4 12.Bd2 Bxc3 13.Bxc3 Qd5 14.Qxd5 exd5 15.O-O-O Na6
16.Rde1+ Kf8 17.g4 Bd7 18.g5 Nh5 19.g6 h6 20.Nf7 Nf4 21.Ne5 Bf5 22.Re3 Kg8
23.Rf3 Ne2+ 24.Kd2 Nxc3 25.bxc3 Be6 26.d4 Nc7 27.Re1 Rf8 28.Rxf8+ Kxf8 29.h4 Ke7
30.c4 dxc4 31.Nxc4 Kf6 32.Nd6 b5 33.h5 b4 34.Re5 Ke7 35.Ne4 Kd8 36.f4 Bxa2
37.f5 Ne8 38.f6 gxf6 39.Ra5 Bd5 40.Ng3 Be6 41.Rxa7 Bd7 42.Ne4  1-0

[Event "4th Rohde Open"]
[Site "Sautron FRA"]
[Date "2004.10.28"]
[Round "6"]
[White "Wirig,A"]
[Black "Berthelot,Y"]
[Result "1-0"]
[WhiteElo "2408"]
[BlackElo "2298"]

1.e4 d5 2.exd5 Qxd5 3.Nc3 Qd6 4.Nf3 Nf6 5.d4 a6 6.Ne5 Nc6 7.Nxc6 Qxc6 8.d5 Qd7
9.Bg5 b5 10.Qd4 Qf5 11.Be3 e5 12.dxe6 Qxe6 13.a4 c5 14.Qf4 b4 15.Bc4 Bd6
16.Bxe6 Bxf4 17.Bd5 Bxe3 18.Bxa8 Bd4 19.Nd1 O-O 20.O-O Bf5 21.Bb7 Bxc2 22.Bxa6 Ne4
23.Ne3 Bb3 24.Bc4 Nd2 25.Bxb3 Nxb3 26.Nc4 Nxa1 27.Rxa1 Ra8 28.Kf1 Kf8 29.Ra2 Ke7
30.b3 Ra6 31.Re2+ Kd7 32.f3 Rh6 33.h3 Ra6 34.Ke1 h5 35.Kd2 g6 36.Kd3 Ra7
37.Re1 Kc6 38.Re8 Rd7 39.Kc2 Kb7 40.Re2 Bc3 41.Re8 Kc7 42.Ra8 Kb7 43.Rf8 Kc7
44.a5 Kb7 45.Re8 Bf6 46.Nb6 Rd8 47.Rxd8 Bxd8 48.Nc4 Ka6 49.g4 hxg4 50.fxg4 g5
51.Kd3 f6 52.Ke4 Bxa5 53.Kd5 Bb6 54.Kc6 Ba7 55.Kc7 Kb5 56.Kb7  1-0

[Event "36th Olympiad"]
[Site "Calvia ESP"]
[Date "2004.10.29"]
[Round "14"]
[White "Cueto,J BOL"]
[Black "Davila,C"]
[Result "1/2-1/2"]
[WhiteElo "2306"]
[BlackElo "2339"]

1.e4 d5 2.exd5 Qxd5 3.Nc3 Qd6 4.d4 a6 5.g3 Nf6 6.Bg2 e5 7.dxe5 Qxe5+ 8.Nge2 Bc5
9.Bf4 Qe7 10.O-O O-O 11.Bg5 Qe5 12.Bxf6 Qxf6 13.Ne4 Qe7 14.Nf4 Nd7 15.Re1 Nf6
16.Nd5 Nxd5 17.Qxd5 Ba7 18.Qh5 h6 19.Nc3 Qf6 20.Qf3 Qxf3 21.Bxf3  1/2-1/2

[Event "WYg18"]
[Site "Heraklio GRE"]
[Date "2004.11.05"]
[Round "2"]
[White "Franco,A"]
[Black "Papadopoulou,V"]
[Result "0-1"]
[WhiteElo "2046"]
[BlackElo "2227"]

1.e4 d5 2.exd5 Qxd5 3.Nc3 Qd6 4.Nf3 Nf6 5.Be2 Bg4 6.d3 e6 7.a4 c6 8.O-O Nbd7
9.Nd2 Bf5 10.Nc4 Qc7 11.Bg5 Nb6 12.Ne3 Bg6 13.Bh4 Bd6 14.Kh1 Nbd5 15.Ncxd5 cxd5
16.d4 a6 17.Re1 Ne4 18.Bd3 O-O 19.c4 Bb4 20.Re2 Bh5 21.f3 Qf4 22.Bxe4 dxe4
23.Bg3 Qg5 24.Qf1 exf3 25.gxf3 Rad8 26.Nc2 Be7 27.Qf2 Qf5 28.Rf1 Qd3 29.c5 Qb3
30.Be5 f6 31.Bc7 Rd7 32.Ba5 e5 33.Bc3 Qxa4 34.b4 Qb3 35.Re3 Bg6 36.Na1 Qc4
37.dxe5 fxe5 38.Bxe5 Rd2 39.Qe1 Bg5 40.Rc3 Qd5 41.Nb3 Rb2 42.Bd6 Re8 43.Qd1 Qf7
44.Nd4 Rb1 45.Qxb1 Bxb1 46.Rxb1 Qg6 47.Rg1 Qf6 48.Rd3 Re3 49.Rgd1 Re8 50.b5 axb5
51.Nxb5 Qb2 52.Nd4 Bf6 53.R3d2 Qc3 54.Rd3 Qc4 55.Nf5 g6 56.Ne3 Qh4 57.Bg3 Qh5
58.Ng4 Be7 59.Rd5 g5 60.Re1 Qg6 61.Rd7 h5 62.Ne5 Qf5 63.Kg2 Bxc5 64.Rd5 Qc2+
65.Kh3 h4 66.Nd7 Rxe1 67.Bxe1 Be7 68.Bd2 Qc6 69.Rd3 Qe6+ 70.Kg2 Qe2+  0-1

[Event "V Open"]
[Site "Sauzal ESP"]
[Date "2004.11.06"]
[Round "3"]
[White "Tatai,S"]
[Black "Dizdarevic,E"]
[Result "0-1"]
[WhiteElo "2348"]
[BlackElo "2538"]

1.e4 d5 2.exd5 Qxd5 3.Nc3 Qd8 4.Bc4 Nf6 5.Nf3 a6 6.Ne5 e6 7.a4 c5 8.d3 Bd6
9.Nf3 Nc6 10.O-O b6 11.Ne4 Be7 12.Re1 O-O 13.Bg5 Bb7 14.c3 Na5 15.Ba2 Nxe4
16.Bxe7 Qxe7 17.dxe4 Rfd8 18.Qc2 c4 19.Rad1 Bc6 20.Ne5 Qc5 21.Nxc6 Nxc6 22.Rxd8+ Rxd8
23.Rd1 Rxd1+ 24.Qxd1 h6 25.Bb1 g5 26.h3 Kg7 27.Qd2 Ne5 28.Kf1 b5 29.axb5 axb5
30.Ke2 Qc7 31.Qd4 f6 32.g3 h5 33.f4 gxf4 34.gxf4 Ng6 35.e5 fxe5 36.Qg1 Qf7  0-1

[Event "TCh-BEL 2004-5"]
[Site "Belgium BEL"]
[Date "2004.11.07"]
[Round "3"]
[White "Romanelli,R"]
[Black "Van der Linde,Ma"]
[Result "0-1"]
[WhiteElo "2024"]
[BlackElo "2225"]

1.e4 d5 2.exd5 Qxd5 3.Nc3 Qd6 4.d4 Nf6 5.Nf3 a6 6.Be2 e6 7.O-O Be7 8.Bg5 Nbd7
9.Bh4 c5 10.Bg3 Qb6 11.Na4 Qa5 12.Nxc5 Nxc5 13.dxc5 Qxc5 14.Bd3 O-O 15.Ne5 b5
16.Qf3 Qd5 17.Qxd5 Nxd5 18.Rfe1 Bb7 19.c3 Rfd8 20.Rad1 Nb6 21.Bc2 Bd5 22.Bb3 Rac8
23.f3 Bc5+ 24.Bf2 Bxf2+ 25.Kxf2 f6 26.Bxd5 Nxd5 27.Ng4 Nf4 28.Kg1 Rxd1 29.Rxd1 b4
30.g3 bxc3 31.bxc3 Ne2+ 32.Kf1 Nxc3 33.Rc1 Rc7 34.Ne3 Nd5 35.Rxc7 Nxc7 36.Ke2 Kf7
37.Nc4 e5 38.Kd3 Ke6 39.g4 Nd5 40.a3 g6 41.Nd2 f5 42.Nb3 Kd6 43.gxf5 gxf5
44.Kc4 Ne3+ 45.Kd3 Nf1 46.h3 Kd5 47.Ke2 Ng3+ 48.Ke3 Nh5 49.h4 Nf4 50.Kf2 Kc4
51.Na5+ Kb5 52.Nb7 a5 53.Nd6+ Ka4 54.Nc4 h5 55.Nxe5 Kxa3 56.Nc6 a4 57.Nd4 Kb2
58.Nxf5 a3 59.Ne3 a2 60.Nd1+ Kb3  0-1

[Event "WYg18"]
[Site "Heraklio GRE"]
[Date "2004.11.08"]
[Round "6"]
[White "Vinuthna,N"]
[Black "Papadopoulou,V"]
[Result "0-1"]
[WhiteElo "2229"]
[BlackElo "2227"]

1.e4 d5 2.exd5 Qxd5 3.Nc3 Qd6 4.d4 Nf6 5.Nf3 c6 6.Ne5 Nbd7 7.Nc4 Qc7 8.Qf3 Nb6
9.Bf4 Qd8 10.Be5 Nbd5 11.h3 Be6 12.Be2 Nxc3 13.bxc3 Nd7 14.Bf4 Bxc4 15.Bxc4 e6
16.Qg3 Nb6 17.Bd3 Nd5 18.Bd2 Qd6 19.Qf3 Be7 20.O-O Bf6 21.Rab1 Qd7 22.Rfe1 O-O
23.Qe4 g6 24.c4 Ne7 25.c3 Rfd8 26.h4 h5 27.Bg5 Bxg5 28.hxg5 b6 29.Re3 Rac8
30.Rh3 c5 31.g4 cxd4 32.gxh5 dxc3 33.hxg6 Nxg6 34.Qh1 Qd4 35.Re1 Rc5 36.Rg3 Re5
37.Rxe5 Qxe5 38.Qe4 Qxe4 39.Bxe4 Nf4 40.Kh2 Rd4 41.Bc2 Rxc4 42.Rf3 Nd5 43.a3 b5
44.Kg3 b4 45.axb4 Nxb4 46.Bb3 c2  0-1

[Event "WYb14"]
[Site "Heraklio GRE"]
[Date "2004.11.10"]
[Round "8"]
[White "Hess,Ro"]
[Black "Spoelman,W"]
[Result "1-0"]
[WhiteElo "2214"]
[BlackElo "2357"]

1.e4 d5 2.exd5 Qxd5 3.Nc3 Qd6 4.d4 Nf6 5.Nf3 a6 6.Be3 e6 7.Be2 Nbd7 8.O-O b5
9.Ng5 Bb7 10.Bf3 Bxf3 11.Qxf3 Rd8 12.Rfe1 h6 13.Bf4 Qxd4 14.Rad1 Qb6 15.Nd5 Nxd5
16.Nxf7 Kxf7 17.Bxc7+ Kg8 18.Bxb6 N7xb6 19.Rxe6 Nf4 20.Rxb6 Rxd1+ 21.Qxd1 Kh7
22.Qf3 Bc5 23.Qe4+  1-0

[Event "WYg18"]
[Site "Heraklio GRE"]
[Date "2004.11.10"]
[Round "8"]
[White "Kadziolka,B"]
[Black "Papadopoulou,V"]
[Result "1/2-1/2"]
[WhiteElo "2301"]
[BlackElo "2227"]

1.e4 d5 2.exd5 Qxd5 3.Nc3 Qd6 4.d4 Nf6 5.Nf3 c6 6.h3 Bf5 7.Bc4 e6 8.O-O Be7
9.Re1 O-O 10.Ne2 Qc7 11.Bf4 Bd6 12.Bxd6 Qxd6 13.Ng3 Bg6 14.Qe2 Nbd7 15.Rad1 Nb6
16.Bb3 Rad8 17.Ne5 a5 18.c3 Rfe8 19.h4 a4 20.Bc2 Bxc2 21.Qxc2 Qc7 22.Ne4 Nxe4
23.Qxe4 Nd5 24.Qc2 Ra8 25.a3 Nf6 26.g3 h6 27.Qe2 Red8 28.Qc4 Qb6 29.Rd2 Ra5
30.Qe2 Raa8 31.Rd3 c5 32.dxc5 Qxc5 33.Rf3 Qd5 34.g4 Qd2 35.Qxd2 Rxd2 36.g5 hxg5
37.hxg5 Nd7 38.Nxf7 Nf8 39.Re4 Rxb2 40.Rb4 Rb3 41.Ne5 Ra5 42.Nc4 Rxg5+ 43.Kf1 b5
44.Nd6 Rd5 45.Ne8 Rd8 46.Nc7 Rxa3 47.Nxb5 Ra1+ 48.Kg2 Rdd1 49.Rff4 a3 50.Ra4 a2
51.Ra8 Rab1 52.Rfxf8+  1/2-1/2

[Event "WYg14"]
[Site "Heraklio GRE"]
[Date "2004.11.10"]
[Round "8"]
[White "Tairova,E"]
[Black "Girya,O"]
[Result "1-0"]
[WhiteElo "2271"]
[BlackElo "2024"]

1.e4 d5 2.exd5 Qxd5 3.Nc3 Qd8 4.d4 Nf6 5.Nf3 c6 6.Bc4 b5 7.Bb3 e6 8.O-O a5
9.a4 b4 10.Nb1 Be7 11.c3 O-O 12.Nbd2 c5 13.Nc4 Bb7 14.Be3 Nd5 15.Qd3 Nd7
16.Bc2 N5f6 17.Nce5 Nxe5 18.Nxe5 Be4 19.Qe2 Bxc2 20.Nc6 Qd7 21.Nxe7+ Qxe7
22.Qxc2 Nd5 23.c4 Nxe3 24.fxe3 Rad8 25.Rad1 h6 26.b3 f5 27.Rf2 Qg5 28.Qe2 Rd7
29.Qf3 Rfd8 30.Rfd2 e5 31.d5 e4 32.Qg3 Qf6 33.Rc2 Rd6 34.Rf1 Kh7 35.Qf4 Rf8
36.g4 g6 37.Rcf2 Qe7 38.Qg3 Rdf6 39.Rf4 R6f7 40.R4f2 Qd7 41.gxf5 Rxf5 42.Rxf5 gxf5
43.Qe5 Qg7+ 44.Qxg7+ Kxg7 45.Kf2 Kf6 46.Rg1 h5 47.h4 Rh8 48.Rg5 Rh6 49.Rg8 Kf7
50.Rc8 Rg6 51.Rxc5 Rg4 52.d6 Rxh4 53.Rxf5+ Ke6 54.Rd5 Kd7 55.c5 Rh2+ 56.Kg3 Rc2
57.Rxh5 Rc3 58.Kf4 Rxb3 59.Rh7+ Ke6 60.Re7+ Kf6 61.Kxe4 Rc3 62.Kd4 Rc1 63.Rb7 Ke6
64.Re7+ Kf6 65.Kd5 b3 66.Rb7 Rb1 67.Kc6 b2 68.Kd7  1-0

[Event "WYb16"]
[Site "Heraklio GRE"]
[Date "2004.11.11"]
[Round "9"]
[White "Sirotine,K"]
[Black "Yeo Min Yang,E"]
[Result "1/2-1/2"]
[WhiteElo "2400"]
[BlackElo "2245"]

1.e4 d5 2.exd5 Qxd5 3.Nc3 Qd6 4.d4 Nf6 5.Nf3 a6 6.Be3 Nc6 7.Qd2 Bf5 8.a3 e6
9.Be2 h6 10.Bf4 Qd7 11.O-O-O O-O-O 12.Ne5 Nxe5 13.Bxe5 Ng4 14.Qf4 Nxe5 15.dxe5 Qe8
16.Qe3 Kb8 17.Rxd8+ Qxd8 18.Rd1 Qc8 19.Bd3 g6 20.Be2 h5 21.h3 h4 22.Kb1 Be7
23.Bf3 Rd8 24.Rxd8 Qxd8 25.Na4 c6 26.Nc5 Qa5 27.Nb3 Qa4 28.Qb6 Qb5 29.Qxb5 axb5
30.Be2 Be4 31.f3 Bd5 32.Nc1 Bc4 33.Bxc4 bxc4 34.Ne2 Bc5 35.Ka2 Kc7 36.b3 Kd7
37.bxc4 Be3 38.Kb3 Ke7 39.Kb4 Bd2+ 40.c3 Kd7 41.c5 Be3 42.Kc4 Ke7 43.a4 Kd7
44.Kb4 Kc7 45.Kc4 Kd7 46.Kb4 Kc7  1/2-1/2

[Event "WYg12"]
[Site "Heraklio GRE"]
[Date "2004.11.12"]
[Round "10"]
[White "Bodnaruk,A"]
[Black "Madanasri,G"]
[Result "1-0"]
[WhiteElo "2130"]
[BlackElo "1960"]

1.e4 d5 2.exd5 Qxd5 3.Nc3 Qd6 4.g3 Nf6 5.Bg2 c6 6.Nf3 Bg4 7.O-O e6 8.Re1 Be7
9.h3 Bh5 10.d3 Qc7 11.Be3 Nbd7 12.Qd2 O-O 13.g4 Bg6 14.Bf4 Bd6 15.Bxd6 Qxd6
16.Nh4 Nb6 17.f4 Rfe8 18.Qf2 Rad8 19.Re2 Qb4 20.Rb1 Rd4 21.a3 Qd6 22.Rf1 Rd8
23.Nd1 Ne8 24.Ne3 Qc7 25.f5 exf5 26.Nexf5 R4d7 27.Rfe1 Qb8 28.Ne7+ Kf8 29.Nhxg6+ hxg6
30.Qh4  1-0

[Event "Bundesliga 2004-5"]
[Site "Baden Oos GER"]
[Date "2004.11.14"]
[Round "2"]
[White "Handke,F"]
[Black "Mann,C"]
[Result "1/2-1/2"]
[WhiteElo "2467"]
[BlackElo "2455"]

1.e4 d5 2.exd5 Qxd5 3.Nc3 Qd6 4.d4 Nf6 5.Nf3 c6 6.Bd3 Bg4 7.h3 Bxf3 8.Qxf3 Nbd7
9.Be3 e6 10.O-O-O Nb6 11.Ne4 Nxe4 12.Bxe4 Nd5 13.Bd2 Qc7 14.c4 Nf6 15.Bc2 O-O-O
16.Bc3 Be7 17.Rhe1 Kb8 18.Kb1 h5 19.g3 Ka8 20.a3 Rd7 21.Re5 Rb8 22.Ka2 a6
23.Bd3 Rbd8 24.Ba5 b6 25.Bc3 Ka7 26.Ree1 b5 27.Rc1 Qb6 28.Bf1 bxc4 29.Bxc4 Rb7
30.Re5 Nd5 31.Rxh5 Nxc3+ 32.Qxc3 Rxd4 33.Bb3 Bf6 34.Qc5 Rd2 35.Rc2 Rxc2 36.Qxc2 Bd4
37.f4 a5 38.a4 g6 39.Rh7 Qb4 40.g4 Qd6 41.f5 exf5 42.gxf5 Qf6 43.Qd2 Kb6
44.fxg6 fxg6 45.Rxb7+ Kxb7 46.Qxa5 Bxb2 47.Qb4+ Kc7 48.Qa5+ Kb7 49.Qb4+ Kc7
50.a5 Bd4 51.Qc4 Bc3  1/2-1/2

[Event "Acropolis IM Open"]
[Site "Athens GRE"]
[Date "2004.11.18"]
[Round "3"]
[White "Tassopoulos,M"]
[Black "Tziallilas,K"]
[Result "1/2-1/2"]
[WhiteElo "2215"]
[BlackElo "2142"]

1.e4 d5 2.exd5 Qxd5 3.Nc3 Qd8 4.d4 Nf6 5.Nf3 c6 6.Bc4 b5 7.Bb3 e6 8.Ne5 a5
9.a3 Bb7 10.O-O Be7 11.Bg5 O-O 12.Re1 b4 13.axb4 axb4 14.Rxa8 Bxa8 15.Ne2 c5
16.dxc5 Bxc5 17.Qxd8 Rxd8 18.Nd3 Be7 19.Ng3 Nc6 20.Bxf6 Bxf6 21.Ne4 Be7 22.Nd2  1/2-1/2

[Event "Acropolis WGM Open"]
[Site "Athens GRE"]
[Date "2004.11.18"]
[Round "3"]
[White "Ikonomopoulou,M"]
[Black "Baloutsou,V"]
[Result "1-0"]
[WhiteElo "2014"]
[BlackElo "2045"]

1.e4 d5 2.exd5 Qxd5 3.Nc3 Qd8 4.d4 c6 5.Nf3 Bf5 6.Ne5 Nf6 7.Bc4 e6 8.g4 Bg6
9.h4 Bb4 10.f3 Bxc2 11.Qxc2 Qxd4 12.Qe2 Bxc3+ 13.bxc3 Qxc3+ 14.Kf2 Qd4+ 15.Kg2 Nd5
16.Rd1 Qxa1 17.Bxd5 O-O 18.Ba3 Qc3 19.Bb2 Qa5 20.Nxf7 Na6 21.Qxe6 Nc5 22.Nh6+ Kh8
23.Qg8+  1-0

[Event "Acropolis IM Open"]
[Site "Athens GRE"]
[Date "2004.11.18"]
[Round "3"]
[White "Georgiadis,I"]
[Black "Siamidis,D"]
[Result "0-1"]
[WhiteElo "2129"]
[BlackElo "2211"]

1.e4 d5 2.exd5 Qxd5 3.Nc3 Qd8 4.d4 g6 5.Bc4 Bg7 6.Nf3 Nh6 7.Bxh6 Bxh6 8.O-O O-O
9.Qe2 c6 10.Rfe1 e6 11.Rad1 Nd7 12.Ne5 Nb6 13.Bb3 a5 14.a3 a4 15.Ba2 Nd5
16.g3 Nxc3 17.bxc3 Qe7 18.Ra1 Bg7 19.Bc4 Ra5 20.f4 Qc7 21.Qf3 c5 22.d5 b5
23.Bf1 exd5 24.Qxd5 Bb7 25.Qd2 Rd8 26.Qe2 Re8 27.Qd2 c4 28.Bg2 Bxg2 29.Kxg2 Rd8
30.Qe3 Ra6 31.Rad1 Rad6 32.Rxd6 Qxd6 33.Nf3 Bf8 34.Rb1 Qc6 35.Kh3 Bxa3 36.g4 Bc5
37.Qe2 f6 38.Nd4 Bxd4 39.cxd4 Rxd4 40.Rxb5 Rxf4 41.Rb8+ Kf7 42.Kh4 h5 43.h3 hxg4
44.Qe3 g5+ 45.Kh5 Re4 46.Qa3 Re8 47.Qg3 gxh3 48.Rxe8 Qxe8 49.Qc7+ Ke6+ 50.Kg4 f5+
51.Kg3 Qd7 52.Qxc4+ Kf6 53.Kxh3 f4+ 54.Kh2 Qd2+ 55.Kg1 Qe1+ 56.Kg2 Qg3+ 57.Kf1 Qf3+
58.Kg1 Qe3+ 59.Kf1 a3 60.Qc6+ Kf5 61.Qc8+ Ke4 62.Qc6+ Kf5 63.Qc8+ Kg6 64.c3 Qd3+
65.Kg1 Qd1+ 66.Kh2 Qe2+ 67.Kh3 f3 68.Qg8+ Kf6 69.Qf8+ Ke5 70.Qc5+ Ke6 71.Qc6+ Kf7
72.Qd7+ Kf6 73.Qd8+ Qe7 74.Qh8+ Kf5 75.Qh5 Qe4 76.Qf7+ Ke5 77.Qc7+ Ke6 78.Qc8+ Kf7
79.Kg3 Qf4+ 80.Kf2 g4 81.Qd7+ Kg6 82.Qe6+ Kg7 83.Qe7+ Kg8 84.Qe8+ Qf8 85.Qe6+ Kh7
86.Qe4+ Kh6 87.Qxg4 Qc5+ 88.Kf1 Qb5+ 89.Kg1 Qg5  0-1

[Event "Acropolis WGM Open"]
[Site "Athens GRE"]
[Date "2004.11.19"]
[Round "4"]
[White "Stoumbou,E"]
[Black "Baloutsou,V"]
[Result "1/2-1/2"]
[WhiteElo "1854"]
[BlackElo "2045"]

1.e4 d5 2.exd5 Qxd5 3.Nc3 Qd8 4.Bc4 c6 5.d4 Bf5 6.Nf3 Nf6 7.Bf4 e6 8.O-O Be7
9.Re1 O-O 10.Ne2 Nbd7 11.Ng3 Bg6 12.c3 Nd5 13.Qd2 N7b6 14.Bb3 a5 15.a3 Nxf4
16.Qxf4 a4 17.Ba2 Ra5 18.Qd2 Bg5 19.Nxg5 Rxg5 20.Rad1 h5 21.Ne2 Be4 22.Nf4 Bf3
23.Rc1 Nd5 24.Bxd5 cxd5 25.Re3 Be4 26.f3 Bf5 27.h4 Rg6 28.Nxg6 Bxg6 29.g3 Qc7
30.Kf2 b5 31.Qd1 Qc4 32.Qe2 Qxe2+ 33.Kxe2 Rc8 34.Kd2 Kf8 35.Rg1 Bf5 36.g4 hxg4
37.fxg4 Be4 38.g5 Ke7 39.Rh3 Bf5 40.Rh2 Rh8 41.Ke3 g6 42.b3 axb3 43.Rb2 Bc2
44.Rh1 Ra8 45.Ra1 Rh8  1/2-1/2

[Event "Acropolis WGM Open"]
[Site "Athens GRE"]
[Date "2004.11.22"]
[Round "7"]
[White "Trabert,B"]
[Black "Papadopoulou,V"]
[Result "1-0"]
[WhiteElo "2331"]
[BlackElo "2227"]

1.e4 d5 2.exd5 Qxd5 3.Nc3 Qd6 4.d4 Nf6 5.Nf3 c6 6.Ne5 Nbd7 7.Nc4 Qc7 8.Qf3 Nb6
9.Ne5 Be6 10.Bf4 Nbd5 11.Bg3 Qa5 12.Nc4 Qd8 13.Nxd5 Bxd5 14.Qe3 Bxc4 15.Bxc4 e6
16.c3 Be7 17.O-O O-O 18.h3 Re8 19.Rfe1 Qb6 20.Bb3 a5 21.Rab1 a4 22.Bc2 Red8
23.Be5 Nd7 24.Bf4 Nf6 25.Qg3 Rd7 26.Be5 g6 27.h4 Qd8 28.Qf3 h5 29.g3 Ng4
30.Bf4 c5 31.dxc5 Bxc5 32.Re2 Qf6 33.Kg2 a3 34.b4 Bb6 35.Rb3 Qg7 36.c4 e5
37.Bg5 Bd4 38.Rxa3 Rc8 39.c5 Kh7 40.Ra7 f6 41.Bc1 Rcd8 42.Ba4 Rc7 43.Bb3 f5
44.Bc4 b6 45.Rxc7 Qxc7 46.Bg5 Rf8 47.Rc2 bxc5 48.bxc5 e4 49.Qd1 Bxf2 50.Qd6 Qxd6
51.cxd6 Bb6 52.Re2 Bd8 53.Bf4 Bf6 54.d7 Ne5 55.Bb5 Nf7 56.a4 Be5 57.Bxe5 Nxe5
58.Rd2 Nf7 59.a5 Rb8 60.Bc4 Nd8 61.a6 Nc6 62.Bd5 e3 63.Re2  1-0

[Event "17th Belgrade Trophy"]
[Site "Obrenovac SCG"]
[Date "2004.11.22"]
[Round "1"]
[White "Andrejic,V"]
[Black "Ardelean,G"]
[Result "0-1"]
[WhiteElo "2133"]
[BlackElo "2461"]

1.e4 d5 2.exd5 Qxd5 3.Nc3 Qd6 4.d4 Nf6 5.h3 a6 6.Nf3 b5 7.Bd3 Bb7 8.O-O e6
9.Re1 Nbd7 10.Ne5 Rd8 11.Bg5 Be7 12.Qe2 Nxe5 13.dxe5 Qc6 14.f3 Nd5 15.Bd2 Nxc3
16.Bxc3 O-O 17.a3 Rd7 18.Kh1 Rfd8 19.Rad1 Qb6 20.Rf1 g6 21.Rde1 Bd5 22.Ra1 c5
23.Be1 c4 24.Be4 Bxe4 25.Qxe4 Qc7 26.b4 cxb3 27.cxb3 Rd4 28.Qe2 Rd3 29.b4 R8d5
30.f4 Qc4 31.Ra2 Rd7 32.Rc2 Qd5 33.Rc8+ Kg7 34.Kh2 Rxa3 35.f5 gxf5 36.g4 Ra2
37.Rc2 Rxc2 38.Qxc2 Qd1  0-1

[Event "Acropolis WGM Open"]
[Site "Athens GRE"]
[Date "2004.11.23"]
[Round "8"]
[White "Stoumbou,E"]
[Black "Papadopoulou,V"]
[Result "0-1"]
[WhiteElo "1854"]
[BlackElo "2227"]

1.e4 d5 2.exd5 Qxd5 3.Nc3 Qd6 4.Bc4 Nf6 5.d4 Bg4 6.f3 Bf5 7.Nge2 c6 8.Bf4 Qd8
9.g4 Bg6 10.Ng3 e6 11.Nce4 Nd5 12.Qd2 Nxf4 13.Qxf4 Be7 14.O-O-O Bxe4 15.Nxe4 a5
16.Qe5 O-O 17.g5 b5 18.Bd3 Qd5 19.Nf6+ Bxf6 20.gxf6 Nd7 21.Qxd5 exd5 22.fxg7 Kxg7
23.Rhg1+ Kf6 24.Rg3 h6 25.Rh3 Rh8 26.Rh5 Nf8 27.Re1 Ne6 28.Rf5+ Ke7 29.c3 Rag8
30.Re2 h5 31.Kd2 h4 32.Rfe5 Kd6 33.Bf5 Nf4 34.Re7 Rd8 35.Re1 Rhf8 36.Ra7 Ne6
37.Re5 a4 38.Bg4 Nc7 39.Rf5 f6 40.Rh5 Rh8 41.b3 Rxh5 42.Bxh5 Rg8 43.Bg4 f5
44.Bh3 Rg1 45.bxa4 Rh1 46.Bxf5 Rxh2+ 47.Ke3 Rxa2 48.Rb7 bxa4 49.Rb8 Nb5 50.Rh8 Kc7
51.Rxh4 Ra3 52.Bd3 Nxc3 53.Rh1 Nb5 54.f4 Nd6 55.Rf1 Nf5+ 56.Kd2 Ra2+ 57.Kc3 Ra3+
58.Kd2 Nxd4 59.f5 Rb3 60.f6 Rb8 61.f7 Ne6 62.Ra1 Nc5 63.Rf1 Nd7 64.Ra1 Ne5
65.Rxa4 Nxf7 66.Rh4 Kd6 67.Kc3 Ne5 68.Be2 Kc5 69.Ra4 Nd7 70.Bd3 Nb6 71.Ra5+ Kd6
72.Kd4 Ra8 73.Rxa8 Nxa8 74.Kc3 Kc5 75.Ba6 Nb6 76.Bf1 Nc8 77.Bg2 Nd6 78.Kd3 Nb5
79.Bf3 Kd6 80.Be2 c5 81.Kd2 c4 82.Bd1 Kc5 83.Bc2 Kd4  0-1

[Event "Acropolis WGM Open"]
[Site "Athens GRE"]
[Date "2004.11.24"]
[Round "9"]
[White "Iordanidou,Z"]
[Black "Baloutsou,V"]
[Result "1-0"]
[WhiteElo "2021"]
[BlackElo "2045"]

1.e4 d5 2.exd5 Qxd5 3.Nc3 Qd8 4.d4 c6 5.Nf3 Nf6 6.Bc4 Bf5 7.Bf4 e6 8.O-O Be7
9.Re1 O-O 10.Nh4 Bg6 11.Nxg6 hxg6 12.Qd2 Nbd7 13.h3 Nb6 14.Bb3 a5 15.a3 a4
16.Ba2 Nbd5 17.Nxd5 cxd5 18.f3 Nd7 19.Qe2 Bf6 20.c3 Qa5 21.Bb1 Nb6 22.Bd3 Rac8
23.Bd6 Rfd8 24.Bb4 Qa7 25.Bc5 Rxc5 26.dxc5 Nd7 27.Kh1 Nxc5 28.Bc2 Qb6 29.Rab1 Bh4
30.Red1 Bf6 31.Qe3 Qa5 32.f4 Nb3 33.Bxb3 axb3 34.g4 d4 35.cxd4 Qd5+ 36.Kh2 Bxd4
37.Qe1 Rc8 38.Rbc1 Rc2+ 39.Rxc2 bxc2 40.Rc1 Qb3 41.Qe4 Bxb2 42.Rxc2 Bxa3
43.Rc8+ Bf8 44.Qd4 Qa2+ 45.Kg1 b5 46.Qb4 Qa1+ 47.Kg2 Qa2+ 48.Kg3 Kh7 49.Qxf8 Qb3+
50.Kh4 g5+ 51.fxg5 Kg6 52.Qh8  1-0

[Event "17th Belgrade Trophy"]
[Site "Obrenovac SCG"]
[Date "2004.11.24"]
[Round "3"]
[White "Muratovic,A"]
[Black "Ardelean,G"]
[Result "0-1"]
[WhiteElo "2376"]
[BlackElo "2461"]

1.e4 d5 2.exd5 Qxd5 3.Nc3 Qd6 4.d4 c6 5.Nf3 Nf6 6.Be2 Bg4 7.Be3 Nbd7 8.O-O e6
9.Qd2 Qc7 10.Bf4 Bd6 11.Bxd6 Qxd6 12.Qe3 Bf5 13.Bd3 Nd5 14.Nxd5 Bxd3 15.Nc7+ Qxc7
16.Qxd3 O-O 17.Rfe1 Rfd8 18.c4 Nf6 19.Qe3 Rd6 20.h3 Rad8 21.b3 a5 22.Re2 h6
23.Rd2 b5 24.Rc2 bxc4 25.Rxc4 Qb6 26.Rac1 Nd5 27.Qe4 Ne7 28.R1c2 Rd5 29.Qf4 f6
30.Qe4 R8d6 31.Rc5 Kf7 32.Qf4 Ke8 33.Qe4 Kf7 34.Qf4 Ke8 35.Re2 Kf7 36.Ne5+ Rxe5
37.Rcxe5 Ng6 38.Qf3 Nxe5 39.dxe5 Rd1+ 40.Kh2 Qc7 41.g3 f5 42.g4 g6 43.gxf5 exf5
44.Qe3 g5 45.f4 Rd5 46.fxg5 hxg5 47.Qxg5 Rxe5 48.Qh5+ Ke6 49.Qh6+ Kd7 50.Rd2+ Rd5+
51.Kg2 Qe5 52.Rf2 Qe4+ 53.Kh2 Rd1 54.Qf4 Qh1+ 55.Kg3 Rg1+ 56.Kh4 Rg4+ 57.Qxg4 fxg4
58.Kxg4  0-1